[Event "Memorial Achille Giglio"]
[Site "Napoli ITA"]
[Date "2015.09.17"]
[Round "2"]
[White "Di Giovine, Massimo"]
[Black "Ficco, Corrado"]
[WhiteElo "1702"]
[BlackElo "2033"]
[Result "0-1"]
[PlyCount "119"]
[EventDate "2015.09.10"]

1. d4 g6 2. e4 Bg7 3. Nf3 d6 4. h3 a6 5. c4 e6 6. Nc3 b6 7. Qc2 Nd7 8. Be3 Ne7
9. Bd3 c5 10. O-O Qc7 11. Rad1 Bb7 12. Be2 h6 13. a3 O-O 14. Rd2 Rfd8 15. Rfd1
cxd4 16. Bxd4 Ne5 17. Nxe5 dxe5 18. Be3 Nc6 19. Bf3 Nd4 20. Bxd4 exd4 21. Ne2
e5 22. Nc1 Rac8 23. Qd3 Qxc4 24. Be2 Qxd3 25. Bxd3 Rc7 26. Na2 a5 27. f3 Rdc8
28. Kh2 Bf8 29. g4 Be7 30. Re2 Bg5 31. Kg2 Kg7 32. Rf1 Be3 33. Rb1 Bc1 34. Nxc1
Rxc1 35. Rxc1 Rxc1 36. Rd2 Kf6 37. Kf2 Ke7 38. Rc2 Rxc2+ 39. Bxc2 Ba6 40. Ke1
Kf6 41. h4 Ke7 42. Kd2 Kd6 43. Bd3 Bxd3 44. Kxd3 Kc5 45. b3 f6 46. Kc2 a4 47.
h5 gxh5 48. gxh5 axb3+ 49. Kxb3 Kb5 50. Kc2 Kc4 51. a4 Kb4 52. Kd3 Kxa4 53. Kc4
b5+ 54. Kd5 d3 55. Ke6 d2 56. Kxf6 d1=Q 57. Kg6 Qxf3 58. Kxh6 Qxe4 59. Kg7 Qg4+
60. Kh6 0-1

[Event "Memorial Achille Giglio"]
[Site "Napoli ITA"]
[Date "2015.09.17"]
[Round "2"]
[White "Fortuna, Armando"]
[Black "Chiaiese, Luciano"]
[WhiteElo "1549"]
[BlackElo "1425"]
[Result "1-0"]
[PlyCount "51"]
[EventDate "2015.09.10"]

1. e4 b6 2. d4 e6 3. c4 Bb7 4. Nc3 g6 5. Be3 Bb4 6. Qc2 Bxc3+ 7. bxc3 Ne7 8.
Bd3 d5 9. cxd5 exd5 10. e5 O-O 11. Nf3 f6 12. Bh6 Re8 13. O-O fxe5 14. Nxe5 Qd6
15. Rae1 Ba6 16. c4 dxc4 17. Bxc4+ Bxc4 18. Qxc4+ Qd5 19. Qxc7 Nf5 20. Nxg6
Rxe1 21. Rxe1 Na6 22. Ne7+ Nxe7 23. Qxe7 Qf7 24. Qg5+ Qg6 25. Qd5+ Kh8 26.
Qxa8+ 1-0

[Event "Memorial Achille Giglio"]
[Site "Napoli ITA"]
[Date "2015.09.17"]
[Round "2"]
[White "Gallo, Thomas Renato"]
[Black "Di Gennaro, Antonio"]
[WhiteElo "1915"]
[BlackElo "1666"]
[Result "0-1"]
[PlyCount "102"]
[EventDate "2015.09.10"]

1. d4 d5 2. Nc3 Nf6 3. Bg5 c5 4. Bxf6 gxf6 5. e4 dxe4 6. d5 f5 7. Nh3 Bg7 8.
Qd2 Nd7 9. Nf4 Bh6 10. Bb5 a6 11. Bxd7+ Qxd7 12. g3 b6 13. Nce2 Bg7 14. O-O h5
15. h4 e5 16. Qc3 Rh7 17. Nh3 f6 18. Rad1 f4 19. Nhxf4 exf4 20. Nxf4 f5 21. Qb3
Qd6 22. Rfe1 Be5 23. Nh3 Bd7 24. Ng5 Rg7 25. c4 Bf6 26. Nh3 Re7 27. Kh1 O-O-O
28. Qc2 Rg8 29. Re3 Bxh4 30. Nf4 Bg5 31. Ra3 a5 32. Ne6 Rh7 33. Nxg5 Rxg5 34.
Qd2 Rg4 35. Kg2 h4 36. Rh1 f4 37. Qc3 e3 38. Qd3 Qg6 39. Qxg6 Rxg6 40. fxe3
Rxg3+ 41. Kf2 h3 42. Rb3 Rg2+ 43. Kf3 Bg4+ 44. Kxf4 h2 45. Rxb6 Rg1 46. Rc6+
Kd7 47. Ra6 Kc8 48. Rxa5 Rxh1 49. Kxg4 Rg1+ 50. Kf5 h1=Q 51. Rxc5+ Rc7 0-1

[Event "Memorial Achille Giglio"]
[Site "Napoli ITA"]
[Date "2015.09.17"]
[Round "2"]
[White "Iandolo, Giovanni"]
[Black "Supino, Domenico"]
[WhiteElo "1663"]
[BlackElo "2017"]
[Result "1-0"]
[PlyCount "79"]
[EventDate "2015.09.10"]

1. c4 c5 2. g3 Nc6 3. Bg2 Nf6 4. e4 d6 5. Ne2 g6 6. O-O Bg7 7. h3 O-O 8. Nbc3
Bd7 9. a3 a6 10. d3 Rb8 11. f4 b5 12. cxb5 axb5 13. Bd2 b4 14. axb4 Nxb4 15.
Be3 Nc6 16. Qc2 Ne8 17. f5 Nd4 18. Bxd4 cxd4 19. Nd5 e6 20. fxe6 fxe6 21. Rxf8+
Kxf8 22. Rf1+ Kg8 23. Ndf4 Qb6 24. Rb1 Nc7 25. h4 e5 26. Nh3 h6 27. Kh2 Be6 28.
Nf2 Bb3 29. Qd2 Ba2 30. Rc1 Ne6 31. Ng4 Qxb2 32. Rc2 Qb5 33. Rxa2 h5 34. Nf2
Nc5 35. Nc1 Kh7 36. Nh3 Bh6 37. Ng5+ Kg8 38. Ra5 Qb6 39. Qa2+ Nb3 40. Ra3 1-0

[Event "Memorial Achille Giglio"]
[Site "Napoli ITA"]
[Date "2015.09.17"]
[Round "2"]
[White "La Manna, Simone"]
[Black "Baccelliere, Donato"]
[WhiteElo "1296"]
[BlackElo "1451"]
[Result "0-1"]
[PlyCount "94"]
[EventDate "2015.09.10"]

1. e4 c5 2. Nc3 d6 3. Nf3 g6 4. Be2 Bg7 5. d3 Nf6 6. Be3 O-O 7. Qd2 Ng4 8.
O-O-O Nxe3 9. fxe3 a5 10. d4 b6 11. Bc4 Bb7 12. Qf2 Qc7 13. Ng5 e6 14. Rdf1 Qe7
15. d5 e5 16. h4 f6 17. Ne6 Rf7 18. Nxg7 Kxg7 19. h5 g5 20. h6+ Kh8 21. Rh3 Ba6
22. Rf3 Nd7 23. Rf5 Bxc4 24. Ne2 Bxe2 25. Qxe2 Qf8 26. Qh5 c4 27. Rxg5 Qe8 28.
Rg7 Rxg7 29. hxg7+ Kxg7 30. Qg4+ Kh8 31. Rf3 Nc5 32. Rxf6 Qe7 33. Qh4 Rf8 34.
Rxf8+ Qxf8 35. Qe1 Nxe4 36. b4 cxb3 37. cxb3 Qf2 38. Qd1 Qxe3+ 39. Kb1 Nc3+ 40.
Kc2 Nxd1 41. Kxd1 Qg1+ 42. Kc2 Qxg2+ 43. Kd3 Qxa2 44. Kc4 Qc2+ 45. Kb5 Qxb3+
46. Ka6 Qxd5 47. Kxb6 h5 0-1

[Event "Memorial Achille Giglio"]
[Site "Napoli ITA"]
[Date "2015.09.17"]
[Round "2"]
[White "Messina, Enrico"]
[Black "Di Meo, Antonio"]
[WhiteElo "2144"]
[BlackElo "1844"]
[Result "1-0"]
[PlyCount "67"]
[EventDate "2015.09.10"]

1. e4 c6 2. c4 d5 3. exd5 cxd5 4. cxd5 Nf6 5. Nc3 g6 6. Bc4 Bg7 7. d3 Nbd7 8.
Nge2 Nb6 9. Qb3 O-O 10. O-O Bf5 11. Ng3 Bg4 12. h3 Bc8 13. Be3 Nbd7 14. Rac1 a6
15. a4 Qa5 16. Qa3 Qd8 17. a5 h6 18. b4 g5 19. Nf5 Ne5 20. Nxg7 Kxg7 21. f4
gxf4 22. Bxf4 Ng6 23. Bh2 b5 24. Ba2 Bb7 25. Qb2 Kh7 26. Rxf6 exf6 27. Ne4 Ne5
28. Bxe5 fxe5 29. Qxe5 Rc8 30. Rf1 f5 31. Nc5 Rxc5 32. bxc5 Qf6 33. Qxf6 Rxf6
34. Re1 1-0

[Event "Memorial Achille Giglio"]
[Site "Napoli ITA"]
[Date "2015.09.17"]
[Round "2"]
[White "Messina, Francesca"]
[Black "Isoldo, Ciro"]
[WhiteElo "1440"]
[BlackElo "1561"]
[Result "0-1"]
[PlyCount "62"]
[EventDate "2015.09.10"]

1. e4 e5 2. Nf3 Nc6 3. d3 Nf6 4. Be2 d5 5. Nc3 d4 6. Nb5 a6 7. Na3 Bb4+ 8. c3
dxc3 9. bxc3 Bxc3+ 10. Bd2 Bxa1 11. Qxa1 Qd6 12. Bc1 O-O 13. Nc4 Qb4+ 14. Bd2
Qe7 15. O-O Re8 16. Bc3 Bg4 17. d4 Bxf3 18. Bxf3 exd4 19. Bb2 Qc5 20. Be2 b5
21. Nd2 Rad8 22. Nf3 d3 23. Bd1 Re6 24. a3 Qe7 25. e5 Nd7 26. Qb1 Ndxe5 27. Ne1
d2 28. Nc2 Nd3 29. Ba1 Re1 30. Rxe1 dxe1=Q+ 31. Nxe1 Qxe1# 0-1

[Event "Memorial Achille Giglio"]
[Site "Napoli ITA"]
[Date "2015.09.17"]
[Round "2"]
[White "Orefice, Matteo"]
[Black "Soave, Vittorio"]
[WhiteElo "1377"]
[BlackElo "1700"]
[Result "0-1"]
[PlyCount "112"]
[EventDate "2015.09.10"]

1. e4 e6 2. d4 d5 3. exd5 exd5 4. Nf3 Nf6 5. Nc3 Bg4 6. h3 Bh5 7. Bg5 Be7 8. g4
Bg6 9. Ne5 O-O 10. Nxg6 fxg6 11. Qe2 Kh8 12. O-O-O Ne4 13. Nxe4 Bxg5+ 14. Nd2
Nc6 15. c3 Qf6 16. f3 Rae8 17. Qg2 Qxf3 18. Qxf3 Rxf3 19. Bg2 Rf2 20. Bxd5 Ree2
21. Rhf1 Bxd2+ 22. Kb1 Rxf1 23. Rxf1 Re1+ 24. Rxe1 Bxe1 25. Kc2 g5 26. Kb3 g6
27. Kc4 Bg3 28. Kb5 a6+ 29. Kc5 Bd6+ 30. Kc4 b5+ 31. Kb3 Na5+ 32. Kc2 Nc4 33.
Bxc4 bxc4 34. b3 cxb3+ 35. axb3 Kg7 36. c4 c5 37. Kc3 a5 38. Kd3 Kf6 39. Ke4
Ke6 40. d5+ Kf6 41. Kd3 Ke5 42. Ke3 Be7 43. Ke2 Ke4 44. Kd2 Kf3 45. Kc2 Kg3 46.
Kb2 Kxh3 47. Ka3 Kxg4 48. Ka4 h5 49. Kxa5 h4 50. Kb6 h3 51. Kc6 h2 52. Kd7 h1=Q
53. Kxe7 Qe4+ 54. Kd7 Kf5 55. Kc7 Qe7+ 56. Kc6 Ke5 0-1

[Event "Memorial Achille Giglio"]
[Site "Napoli ITA"]
[Date "2015.09.17"]
[Round "2"]
[White "Parise, Mariano"]
[Black "Cosenza, Gianni"]
[WhiteElo "1603"]
[BlackElo "1961"]
[Result "0-1"]
[PlyCount "94"]
[EventDate "2015.09.10"]

1. Nf3 d5 2. d4 Nf6 3. Bf4 c6 4. h3 Bf5 5. e3 Qb6 6. b3 e6 7. c3 Nbd7 8. b4 a5
9. Qa4 Be7 10. b5 O-O 11. Nbd2 c5 12. Ne5 cxd4 13. Nxd7 Nxd7 14. exd4 Rfc8 15.
Rc1 e5 16. Be3 exd4 17. Bxd4 Qe6+ 18. Kd1 Nc5 19. Bxc5 Bxc5 20. Qh4 Ba3 21. Rc2
Qg6 22. Qa4 Bxc2+ 23. Qxc2 Qxc2+ 24. Kxc2 Bb4 25. Nb1 d4 26. c4 Re8 27. Bd3 Re7
28. a3 Bc5 29. f3 g6 30. g4 Re3 31. Be4 Rb8 32. a4 b6 33. Rh2 Rd8 34. Bd5 Kg7
35. Rd2 Rde8 36. Be4 Kf6 37. h4 h6 38. Rg2 Ke5 39. Bd5 Re7 40. Nd2 d3+ 41. Kd1
Kf4 42. Ne4 Bb4 43. Rg1 Rxf3 44. c5 Rxe4 45. Bxe4 Kxe4 46. cxb6 Rf6 47. b7 Rb6
0-1

[Event "Memorial Achille Giglio"]
[Site "Napoli ITA"]
[Date "2015.09.17"]
[Round "2"]
[White "Pellegrino, Giovanni"]
[Black "Compagnone, Marika"]
[WhiteElo "1523"]
[BlackElo "1401"]
[Result "1-0"]
[PlyCount "36"]
[EventDate "2015.09.10"]

1. d4 d5 2. Nf3 Nf6 3. e3 c6 4. Bd3 Bg4 5. c4 e6 6. Qb3 Bd6 7. Qxb7 Qa5+ 8. Bd2
Qb6 9. Qxa8 Qxb2 10. Bc3 Qc1+ 11. Ke2 O-O 12. Rxc1 a6 13. Nbd2 Bxf3+ 14. Nxf3
Re8 15. Rab1 Nfd7 16. Bb4 Be7 17. cxd5 Nb6 18. Qa7 Nxd5 1-0

[Event "Memorial Achille Giglio"]
[Site "Napoli ITA"]
[Date "2015.09.17"]
[Round "2"]
[White "Radice, Mario"]
[Black "Minopoli, Francesco"]
[WhiteElo "1887"]
[BlackElo "1616"]
[Result "1/2-1/2"]
[PlyCount "184"]
[EventDate "2015.09.10"]

1. b3 e5 2. Bb2 d6 3. e3 Nf6 4. Bd3 Nbd7 5. Na3 a6 6. Nh3 b5 7. Qf3 Rb8 8. c4
Bb7 9. Qg3 e4 10. Be2 b4 11. Nc2 Ba8 12. O-O Nc5 13. Nf4 g6 14. Qg5 Be7 15. Qg3
O-O 16. Rfd1 Re8 17. d4 exd3 18. Nxd3 Nce4 19. Qh3 Nc3 20. Rd2 Nfe4 21. Bxc3
bxc3 22. Rdd1 Bf6 23. Rac1 Qc8 24. Bg4 Qd8 25. Ncb4 Ng5 26. Qg3 Ne4 27. Qf3 h5
28. Bxh5 gxh5 29. Nxa6 Rb6 30. Nab4 Nd2 31. Qg3+ Bg7 32. Nd5 Bxd5 33. cxd5 Re5
34. Nf4 Rg5 35. Qh3 Ne4 36. f3 Nc5 37. Ne2 Qe7 38. e4 Qf6 39. Rxc3 Qe7 40. Rc2
Rb8 41. Nf4 Qe5 42. Nd3 Nxd3 43. Rxd3 Qe7 44. Rd1 Rf8 45. Rdc1 Bd4+ 46. Kf1 Bb6
47. Qh4 Re5 48. Qxe7 Rxe7 49. a4 f5 50. b4 fxe4 51. Re2 Rf5 52. a5 Ba7 53. Ke1
Rxd5 54. Rxe4 Rxe4+ 55. fxe4 Re5 56. Rc4 Bg1 57. h3 Re7 58. Kf1 Bh2 59. a6 Rf7+
60. Ke2 Bg1 61. b5 Bb6 62. Ra4 Rf2+ 63. Ke1 Rxg2 64. a7 Bxa7 65. Rxa7 Rc2 66.
Ra8+ Kg7 67. Rc8 Rc5 68. b6 cxb6 69. Rd8 Rc6 70. Kd2 Kf6 71. Kd3 Kg5 72. Kd4 b5
73. Kd5 Rc4 74. Rxd6 Rc3 75. e5 b4 76. Rb6 b3 77. e6 Re3 78. Kd4 Kf4 79. h4
Re4+ 80. Kd5 Kf5 81. Rxb3 Re5+ 82. Kd4 Re4+ 83. Kd5 Re5+ 84. Kd6 Rxe6+ 85. Kd7
Re4 86. Rb5+ Kg4 87. Rg5+ Kxh4 88. Rg7 Rg4 89. Rh7 Kg5 90. Ke6 Kf4 91. Kf6 h4
92. Rh6 h3 1/2-1/2

[Event "Memorial Achille Giglio"]
[Site "Napoli ITA"]
[Date "2015.09.17"]
[Round "2"]
[White "Sartorio, Giorgio"]
[Black "Cocchia, Umberto"]
[WhiteElo "1440"]
[BlackElo "1822"]
[Result "0-1"]
[PlyCount "80"]
[EventDate "2015.09.10"]

1. e4 d5 2. f3 Nc6 3. Bb5 e5 4. Ne2 dxe4 5. fxe4 Qh4+ 6. g3 Qxe4 7. Rf1 Bh3 8.
Bxc6+ Qxc6 9. Rg1 Bc5 10. d4 O-O-O 11. c3 Nf6 12. Bg5 exd4 13. Bxf6 gxf6 14.
cxd4 Rhe8 15. Kf2 Qe4 16. Nbc3 Qe3+ 17. Ke1 Qxg1+ 18. Kd2 Qxd1+ 19. Rxd1 Bxd4
20. Nxd4 Rxd4+ 21. Kc2 Rxd1 22. Kxd1 Bg4+ 23. Kc2 Re1 24. a4 Rh1 25. h4 Rh2+
26. Kb3 Be6+ 27. Ka3 Rg2 28. Ne4 a5 29. b4 f5 30. Nf6 Rxg3+ 31. Kb2 Rb3+ 32.
Kc2 Rxb4 33. Nxh7 Rxh4 34. Ng5 Rxa4 35. Nf3 b5 36. Ne5 f4 37. Kc3 b4+ 38. Kb2
Ra2+ 39. Kb1 b3 40. Nd3 Bf5 0-1

[Event "Memorial Achille Giglio"]
[Site "Napoli ITA"]
[Date "2015.09.17"]
[Round "2"]
[White "Scarnera, Francesco"]
[Black "Guglielmi, Domenico Donato"]
[WhiteElo "1440"]
[BlackElo "1538"]
[Result "1-0"]
[PlyCount "143"]
[EventDate "2015.09.10"]

1. e4 c5 2. Nf3 Nc6 3. d4 e6 4. Be3 d5 5. exd5 exd5 6. Nc3 c4 7. g3 Bb4 8. Qe2
Nge7 9. Bd2 O-O 10. Bg2 Re8 11. O-O Nf5 12. Qd1 Be6 13. Ne2 Bxd2 14. Qxd2 h6
15. Ne5 Nxe5 16. dxe5 Ne7 17. Rad1 Qd7 18. f4 Rad8 19. Nd4 Bh3 20. Bxh3 Qxh3
21. Nb5 Qd7 22. Nd6 Rf8 23. Qb4 b6 24. Nxc4 Nc8 25. Ne3 Qe6 26. Rd3 a5 27. Qb3
Ne7 28. Rfd1 Rc8 29. Nxd5 Nxd5 30. Rxd5 Qc6 31. c3 Kh8 32. Rd7 Qc5+ 33. Kg2 Rc7
34. Qd5 Qc6 35. Qxc6 Rxc6 36. Rd8 Rc8 37. Rxc8 Rxc8 38. Rd7 Kg8 39. Kf2 Kf8 40.
Ke2 g5 41. Rd6 Kg7 42. Rxb6 Rc4 43. Kd3 Rc7 44. a4 Rd7+ 45. Rd6 Rb7 46. Kc2 Rc7
47. Rd5 Rc4 48. Kd3 Rxa4 49. c4 Ra2 50. Kc2 Ra1 51. Rd1 Ra4 52. Kc3 Rb4 53. Rd5
Ra4 54. fxg5 hxg5 55. c5 Ra1 56. Kc2 Rh1 57. Rd2 Re1 58. Rd5 Re2+ 59. Kb3 Rxh2
60. c6 Rh1 61. Rc5 Rh8 62. c7 Rc8 63. Ka4 Kf8 64. Kxa5 Ke7 65. Kb6 Kd7 66. Rd5+
Ke6 67. Rd8 Rxc7 68. Kxc7 Kxe5 69. b4 f5 70. b5 f4 71. gxf4+ gxf4 72. Rf8 1-0

[Event "Memorial Achille Giglio"]
[Site "Napoli ITA"]
[Date "2015.09.17"]
[Round "2"]
[White "Solombrino, Giovanni"]
[Black "Buonanno, Matteo Giovanni"]
[WhiteElo "1819"]
[BlackElo "1418"]
[Result "1-0"]
[PlyCount "51"]
[EventDate "2015.09.10"]

1. e4 c5 2. Nf3 d6 3. d4 cxd4 4. Nxd4 Nf6 5. Nc3 a6 6. Bg5 e6 7. f4 Be7 8. Bd3
Nc6 9. Nf3 Qc7 10. Qd2 b5 11. a3 h6 12. Bh4 Bb7 13. O-O Qb6+ 14. Bf2 Qc7 15.
Rac1 O-O 16. e5 dxe5 17. fxe5 Ng4 18. Qe3 f5 19. exf6 Nxf6 20. Qxe6+ Kh8 21.
Qf5 Bc8 22. Qg6 Ne5 23. Nxe5 Qxe5 24. Rfe1 Qh5 25. Qxh5 Nxh5 26. Rxe7 1-0

[Event "Memorial Achille Giglio"]
[Site "Napoli ITA"]
[Date "2015.09.17"]
[Round "2"]
[White "Spano, Angelo Salvatore"]
[Black "Pellegrino, Carlo"]
[WhiteElo "1416"]
[BlackElo "1521"]
[Result "0-1"]
[PlyCount "77"]
[EventDate "2015.09.10"]

1. d4 Nf6 2. c4 g6 3. e3 Bg7 4. Nf3 O-O 5. Nc3 d5 6. Be2 c5 7. Qb3 e6 8. O-O b6
9. dxc5 bxc5 10. cxd5 exd5 11. Rd1 Be6 12. Ne5 Qc7 13. f4 d4 14. exd4 Bxb3 15.
axb3 Qb6 16. dxc5 Qxc5+ 17. Kf1 Nc6 18. Nxc6 Qxc6 19. Bf3 Qb6 20. Bxa8 Rxa8 21.
Re1 Ng4 22. Re2 Nxh2+ 23. Ke1 Qxb3 24. Be3 Bxc3+ 25. bxc3 Qxc3+ 26. Kf2 Qxa1
27. Re1 Ng4+ 28. Ke2 Qa2+ 29. Kf3 Nxe3 30. Rxe3 Qd5+ 31. Kg3 Qc6 32. Kg4 Qxg2+
33. Rg3 Qe2+ 34. Rf3 Re8 35. Kg3 Qe1+ 36. Kg2 Re2+ 37. Kh3 Qh1+ 38. Kg4 Rg2+
39. Rg3 0-1

[Event "Memorial Achille Giglio"]
[Site "Napoli ITA"]
[Date "2015.09.17"]
[Round "2"]
[White "Symonovych, Volodymyr"]
[Black "Franzese, Luigi"]
[WhiteElo "1575"]
[BlackElo "1833"]
[Result "1-0"]
[PlyCount "75"]
[EventDate "2015.09.10"]

1. e4 c5 2. Nf3 d6 3. d4 cxd4 4. Nxd4 Nf6 5. Nc3 e5 6. Bb5+ Bd7 7. Bxd7+ Qxd7
8. Nf5 g6 9. Nh6 Nc6 10. O-O O-O-O 11. Bg5 Bg7 12. Nd5 Nxe4 13. Bxd8 Rxd8 14.
Ng4 f5 15. Nge3 Nd4 16. c3 Ne6 17. a4 f4 18. Nc4 Nf6 19. Ndb6+ axb6 20. Nxb6+
Kb8 21. Nxd7+ Rxd7 22. b4 d5 23. Re1 e4 24. a5 Ne8 25. a6 Bxc3 26. Rxe4 N8c7
27. a7+ Ka8 28. Rc1 Bb2 29. Rb1 Bf6 30. b5 b6 31. Rc1 Nc5 32. Rxf4 Bg7 33. Qf3
Bh6 34. Rf8+ Bxf8 35. Qxf8+ Kxa7 36. Rb1 d4 37. Qf6 N7e6 38. Qf3 1-0

[Event "Memorial Achille Giglio"]
[Site "Napoli ITA"]
[Date "2015.09.17"]
[Round "2"]
[White "Valenzi, Marco"]
[Black "Di Leva, Michele"]
[WhiteElo "1973"]
[BlackElo "1588"]
[Result "0-1"]
[PlyCount "74"]
[EventDate "2015.09.10"]

1. e4 e5 2. Nf3 Nc6 3. Bb5 a6 4. Ba4 b5 5. Bb3 Bc5 6. O-O Nf6 7. d3 Bb7 8. c3
d6 9. d4 Bb6 10. Bc2 h6 11. d5 Ne7 12. Nh4 g5 13. Nf3 Ng6 14. Qe2 g4 15. Ne1
Qd7 16. g3 Nh5 17. Ng2 Ng7 18. Be3 h5 19. Bxb6 cxb6 20. f4 O-O-O 21. f5 Nf8 22.
Nd2 Qc7 23. Rac1 Qc5+ 24. Kh1 Kb8 25. c4 bxc4 26. Qxc4 f6 27. Qxc5 bxc5 28. Nc4
Nh7 29. Nh4 Ng5 30. Ba4 Nxe4 31. Bc6 Bxc6 32. dxc6 Kc7 33. Ng6 Rh6 34. Na5 d5
35. Ne7 h4 36. Rcd1 d4 37. Ng6 hxg3 0-1

[Event "Memorial Achille Giglio"]
[Site "Napoli ITA"]
[Date "2015.09.17"]
[Round "2"]
[White "Verre, Gaetano"]
[Black "Marchesini, Giulia"]
[WhiteElo "1449"]
[BlackElo "1332"]
[Result "1-0"]
[PlyCount "57"]
[EventDate "2015.09.10"]

1. c4 e5 2. g3 Nf6 3. Bg2 Bc5 4. Nc3 Ng4 5. d3 d6 6. e3 c6 7. b3 Be6 8. h3 Nf6
9. Nf3 Bb4 10. Bb2 Nbd7 11. a3 Bxc3+ 12. Bxc3 c5 13. b4 e4 14. Ng5 d5 15. dxe4
dxe4 16. Nxe4 Bxc4 17. Nd6+ Kf8 18. Nxc4 Qe7 19. O-O Rd8 20. Qc2 b6 21. Rfd1
Qe6 22. Nd2 Ne5 23. Nf3 Nxf3+ 24. Bxf3 Ke7 25. Bg2 Rd6 26. Rxd6 Qxd6 27. Rd1
Qe6 28. Qd2 Rd8 29. Qxd8# 1-0

[Event "Memorial Achille Giglio"]
[Site "Napoli ITA"]
[Date "2015.09.17"]
[Round "2"]
[White "Zinnai, Graziano Matteo"]
[Black "Esposito, Rosario"]
[WhiteElo "2097"]
[BlackElo "1828"]
[Result "1-0"]
[PlyCount "73"]
[EventDate "2015.09.10"]

1. Nf3 c5 2. g3 Nc6 3. d3 g6 4. e4 Bg7 5. Bg2 e6 6. O-O Nge7 7. c3 O-O 8. Be3
d6 9. d4 cxd4 10. Nxd4 Nxd4 11. Bxd4 e5 12. Be3 Be6 13. Na3 a6 14. Qd2 d5 15.
Bc5 Rc8 16. Bxe7 Qxe7 17. exd5 Rfd8 18. c4 Bf5 19. Qe2 Qb4 20. Rac1 e4 21. g4
Bxg4 22. Qxg4 Bxb2 23. Rb1 Qxa3 24. Qxe4 Bg7 25. Rxb7 Qd6 26. Rfb1 Rb8 27. c5
Qe5 28. Rxb8 Rxb8 29. Rxb8+ Qxb8 30. d6 Bf8 31. Qb7 Qxb7 32. Bxb7 a5 33. Kf1 f5
34. Ke2 Kf7 35. Kd3 Ke6 36. Kc4 Kd7 37. Kd5 1-0

[Event "Memorial Achille Giglio"]
[Site "Napoli ITA"]
[Date "2015.10.08"]
[Round "4"]
[White "Cammarota, Andrea"]
[Black "Compagnone, Marika"]
[WhiteElo "1563"]
[BlackElo "1401"]
[Result "1-0"]
[PlyCount "91"]
[EventDate "2015.09.10"]

1. e4 e5 2. Nf3 Nc6 3. d4 Nf6 4. dxe5 Nxe4 5. Qd5 f5 6. Bd3 Bb4+ 7. c3 Be7 8.
Bxe4 fxe4 9. Qxe4 d5 10. Qd3 Be6 11. O-O Qd7 12. Re1 O-O-O 13. Bg5 Bf5 14. Qd2
d4 15. Bxe7 Nxe7 16. cxd4 Nc6 17. Rd1 Rhe8 18. Nc3 Re6 19. Kh1 Bg4 20. d5 Rg6
21. dxc6 bxc6 22. Qxd7+ Rxd7 23. Rxd7 Kxd7 24. Rd1+ Ke8 25. h3 Bxf3 26. gxf3 c5
27. Rd5 c6 28. Rxc5 Re6 29. f4 g6 30. b4 h6 31. h4 Re7 32. Rxc6 Rd7 33. Rxg6
Rd2 34. Kg2 h5 35. a4 Rd4 36. b5 Rxf4 37. Kg3 Rf5 38. e6 Ke7 39. Rg7+ Ke8 40.
Rxa7 Rf6 41. b6 Rxe6 42. b7 Rd6 43. b8=Q+ Rd8 44. Qe5+ Kf8 45. Qf6+ Kg8 46.
Qg7# 1-0

[Event "Memorial Achille Giglio"]
[Site "Napoli ITA"]
[Date "2015.10.08"]
[Round "4"]
[White "Compagnone, Luigi"]
[Black "Supino, Domenico"]
[WhiteElo "1461"]
[BlackElo "2017"]
[Result "0-1"]
[PlyCount "84"]
[EventDate "2015.09.10"]

1. e4 c5 2. Nf3 Nc6 3. Nc3 e6 4. Bc4 a6 5. O-O b5 6. Be2 Bb7 7. d4 cxd4 8. Nxd4
Qc7 9. Be3 Nf6 10. Bf3 Ne5 11. a3 Be7 12. Bf4 d6 13. Bg3 O-O 14. Re1 Rfd8 15.
h3 Qb6 16. Re3 Nc4 17. Re1 Nxb2 18. Qd2 Nc4 19. Qd3 Ne5 20. Qe3 Nc4 21. Qd3
Rac8 22. Reb1 Ne5 23. Qe3 Nxf3+ 24. gxf3 Rc4 25. a4 Qxd4 26. Qxd4 Rxd4 27. axb5
axb5 28. Ra7 Rd7 29. Rxb5 Bc6 30. Rb8+ Rd8 31. Rxd8+ Bxd8 32. Ra6 Rc4 33. Na2
e5 34. c3 Be7 35. Nb4 Bd7 36. Ra7 Kf8 37. Bh4 Ke8 38. Bxf6 Bxf6 39. Nd5 Bd8 40.
Ra8 Be6 41. Nb6 Rxc3 42. Rb8 Rb3 0-1

[Event "Memorial Achille Giglio"]
[Site "Napoli ITA"]
[Date "2015.10.08"]
[Round "4"]
[White "Cuccaro, Giuseppina"]
[Black "Guglielmi, Domenico Donato"]
[WhiteElo "1398"]
[BlackElo "1538"]
[Result "1-0"]
[PlyCount "83"]
[EventDate "2015.09.10"]

1. e4 e5 2. Nf3 d6 3. g3 Nf6 4. d3 Nc6 5. Bg2 Be7 6. O-O O-O 7. Re1 Rb8 8. h3
d5 9. Nbd2 Bb4 10. c3 Ba5 11. exd5 Nxd5 12. Nxe5 Nde7 13. d4 Bb6 14. Ndf3 f6
15. Qb3+ Kh8 16. Nf7+ Rxf7 17. Qxf7 Bd7 18. Nh4 Qf8 19. Qh5 Be8 20. Qg4 Bf7 21.
Bxc6 Nxc6 22. Nf5 Bg6 23. Nh4 Bf7 24. Ng2 Re8 25. Bf4 Ne7 26. Re2 Ng6 27. Rae1
c5 28. Rxe8 Bxe8 29. d5 Bf7 30. d6 Nxf4 31. Qxf4 Bg8 32. d7 Qf7 33. Qd6 c4 34.
d8=Q Bxd8 35. Qxd8 h6 36. Re7 Qg6 37. Nf4 Qb1+ 38. Kh2 Kh7 39. Nh5 Kg6 40. Qe8+
Kf5 41. Nxg7+ Kg5 42. f4# 1-0

[Event "Memorial Achille Giglio"]
[Site "Napoli ITA"]
[Date "2015.10.08"]
[Round "4"]
[White "De Rosa, Francesco"]
[Black "Vecchione, Anna Pia"]
[WhiteElo "1957"]
[BlackElo "1716"]
[Result "1/2-1/2"]
[PlyCount "64"]
[EventDate "2015.09.10"]

1. d4 Nf6 2. c4 g6 3. Nc3 d5 4. cxd5 Nxd5 5. e4 Nxc3 6. bxc3 Bg7 7. Nf3 c5 8.
Be3 Nc6 9. Qd2 Bg4 10. d5 Bxf3 11. gxf3 Qa5 12. Rc1 Rd8 13. Bh6 Ne5 14. Be2 O-O
15. Bxg7 Kxg7 16. f4 Nd7 17. O-O Nf6 18. Bf3 Qa4 19. c4 Qd7 20. e5 Nh5 21. Bxh5
gxh5 22. Rc3 h4 23. h3 Qf5 24. Kh2 Kh8 25. Rf3 Rg8 26. Qd3 Qh5 27. Rg1 Qh6 28.
Qf5 Qa6 29. Rxg8+ Rxg8 30. Qxf7 Qxc4 31. Qxe7 Qf1 32. Qf6+ Rg7 1/2-1/2

[Event "Memorial Achille Giglio"]
[Site "Napoli ITA"]
[Date "2015.10.08"]
[Round "4"]
[White "Di Gennaro, Antonio"]
[Black "Orefice, Giovanni"]
[WhiteElo "1666"]
[BlackElo "1395"]
[Result "1-0"]
[PlyCount "55"]
[EventDate "2015.09.10"]

1. e4 e5 2. Nf3 Nc6 3. Bb5 Nf6 4. O-O Bc5 5. c3 d6 6. d4 exd4 7. cxd4 Bb6 8. d5
Bd7 9. dxc6 bxc6 10. Bc4 O-O 11. e5 Ng4 12. exd6 cxd6 13. Qxd6 Bc7 14. Qd1 Re8
15. Bg5 Qc8 16. h3 Ne5 17. Nxe5 Bxe5 18. Nc3 Kh8 19. Qf3 f6 20. Bf4 Rf8 21.
Rfe1 Bxf4 22. Qxf4 Rb8 23. Bb3 Qb7 24. Rad1 Rfe8 25. Na4 Qb5 26. Nc3 Qb7 27.
Ne4 Rbd8 28. Nd6 1-0

[Event "Memorial Achille Giglio"]
[Site "Napoli ITA"]
[Date "2015.10.08"]
[Round "4"]
[White "Di Giovine, Massimo"]
[Black "Cosenza, Gianni"]
[WhiteElo "1702"]
[BlackElo "1961"]
[Result "1/2-1/2"]
[PlyCount "91"]
[EventDate "2015.09.10"]

1. d4 d5 2. e3 Nf6 3. c4 c6 4. Nc3 a6 5. a3 Bf5 6. Bd3 Bxd3 7. Qxd3 e6 8. Nf3
Nbd7 9. b4 Rc8 10. O-O Bd6 11. c5 Bb8 12. e4 dxe4 13. Nxe4 Nxe4 14. Qxe4 Nf6
15. Qd3 Qd5 16. Re1 Rd8 17. h3 h6 18. Bb2 O-O 19. Rad1 Rfe8 20. Qd2 Qh5 21. Qc2
Rd5 22. Rd2 Red8 23. Rde2 g5 24. Ne5 Bxe5 25. Rxe5 Rxe5 26. dxe5 Nd5 27. Qe2
Qg6 28. g3 Ne7 29. Rd1 Rd5 30. Kh2 Qf5 31. Rxd5 Nxd5 32. Kg2 Kg7 33. Bd4 Qb1
34. Qf3 Qc2 35. h4 Qd2 36. Qg4 Kg6 37. Qe4+ Kg7 38. hxg5 Qxg5 39. f4 Qg4 40.
Qf3 Qg6 41. g4 Qc2+ 42. Kg3 Qd2 43. Qe4 Qc1 44. Qf3 Qd2 45. Qe4 Qc1 46. Qf3
1/2-1/2

[Event "Memorial Achille Giglio"]
[Site "Napoli ITA"]
[Date "2015.10.08"]
[Round "4"]
[White "Di Meo, Antonio"]
[Black "Iandolo, Giovanni"]
[WhiteElo "1844"]
[BlackElo "1663"]
[Result "1/2-1/2"]
[PlyCount "40"]
[EventDate "2015.09.10"]

1. g4 g6 2. Bg2 Bg7 3. c4 d6 4. d3 h6 5. Nc3 c6 6. h3 e5 7. Bd2 Ne7 8. Qc1 a6
9. b4 Nd7 10. Rb1 Nf6 11. Nf3 h5 12. g5 Nh7 13. Ne4 f5 14. gxf6 Nxf6 15. Nfg5
Nf5 16. Nxf6+ Bxf6 17. Ne4 Bg7 18. Bg5 Qc7 19. Bf6 O-O 20. Bg5 Be6 1/2-1/2